000 00582nam a2200181Ia 4500
008 090124s9999 xx 000 0 und d
082 _b132801
100 _aगुजर अनिल
245 _a एका वाईट माणसाची गूढकथा
250 _a1
260 _c2005
300 _a320
600 _aगुजर अनिल
630 _a एका वाईट माणसाची गूढकथा
700 _aगुजर अनिल
730 _a एका वाईट माणसाची गूढकथा
942 _cBOOK
999 _c178948
_d178948